000 00308nam a22001337a 4500
008 171018b xxu||||| |||| 00| 0 eng d
020 _a0070456755
041 _aeng
080 _a338
100 _a53
101 _aMEN
245 _aEXECUTIVE POLICY AND STRATEGIC PLANNING
_cNICHOLS,TH,J
942 _2udc
_cBK
999 _c34701
_d34701